000 00459cam a2200181ua 4500
020 _a81-219-0359-9
_c250.00
041 _aeng
_h
082 _a540.0162
_bDAR/TE
100 _aDara, S S.
245 _aText book of engineering chemistry /
_cS.S.Dara.
_hTextual Documents
260 _aNew Delhi :
_bS.Chand and Co ,
_c2005.
300 _a762 ; .
365 _a250.00
504 _a
942 _cBK
999 _c11344
_d11344